Estadísticas para Países donde el cricket es el deporte más popular

Haz click aquí para tomar la prueba!

Estadísticas generales

  • Esta prueba ha sido tomada 577 veces
  • La puntuación promedio es 11 de 14

Estadísticas de respuestas

ContinentePaís% Correcto
AsiaIndia
96%
AsiaPakistán
87%
SudaméricaGuyana
79%
AsiaBangladés
78%
NorteaméricaBarbados
77%
NorteaméricaSanta Lucía
77%
NorteaméricaAntigua y Barbuda
76%
NorteaméricaSan Cristóbal y Nieves
76%
NorteaméricaTrinidad y Tobago
76%
NorteaméricaSan Vicente y las Granadinas
74%
NorteaméricaGranada
73%
AsiaNepal
72%
AsiaSri Lanka
70%
AsiaAfganistán
66%

Distribución de puntuación

Porcentaje por número respondido

Porcentaje de gente con cada puntuación

Historial de tus puntuaciones

No has tomado esta prueba